000 01102nam a2200313 i 4500
003 DO-SdBNP
005 20231002133511.0
007 ta
008 081117s2008 dr ao 000 0 spa d
020 _a9789945171204
040 _aDO-SdBNP
_bspa
_cBNPHU
_erda
082 _222
_bT77m
100 _aTrama Eduardo
_957100
245 1 0 _aMatemática 7 :
_beducación primaria /
_cEduardo Trama, Luis Blatman ; edición Rita Abbott van der-Horst ; ilustraciones Monserrat Ubach ; fotografías Amelia Blanco
264 1 _aSanto Domingo :
_bSM,
_c2008.
300 _a207 páginas :
_bilustraciones, fotografías
_c28 cm.
336 _2rdacontent
_atexto
_btxt
337 _2rdamedia
_asin mediación
_bn
338 _2rdacarrier
_avolumen
_bnc
490 1 _aProyecto Saber más
500 _aEducación primaria.
590 _aInventariado, 2023/ YL
700 1 _aBlatman, Luis
_eautor
_930500
700 1 _aAbbott van der-Horst, Rita
_eedición
_984328
700 1 _aUbach, Moserrat
_eilustraciones
_957102
700 1 _aBlanco, Amelia
_efotografías
_984329
910 _aYLockward
942 _2ddc
_cLBS1
999 _c55034
_d55034